Statistiques concernant Les prépositions françaises en un seul mot

Cliquez ici pour prendre le quiz!

Statistiques générales

  • Ce quiz a été pris 23 fois
  • Le résultat moyen est 11 sur 25

Statistiques - réponses

Réponse% Correct
à
100%
de
95%
par
86%
pour
86%
dans
82%
en
82%
avec
68%
sans
68%
sur
68%
vers
59%
sous
55%
avant
41%
chez
36%
après
32%
depuis
27%
derrière
27%
devant
27%
entre
27%
pendant
23%
contre
18%
durant
9%
malgré
9%
parmi
9%
via
5%
vu
0%

Distribution des résultats

Percentile par nombre de réponses

% des personnes avec chaque résultat

Votre développement - résultats

Vous n’avez pas pris ce quiz